Normale Ansicht MARC-Ansicht ISBD

Warum in Frankfurt demonstriert wird. (Titelsatznr. 371380)

[ MARC ]
MARC-Details
000 -Satzkennung
Kontrollfeld mit fester Länge 00835nam a22001817a 4500
008 - Feld mit fester Länge zur physischen Beschreibung - Allgemeine Angaben
Kontrollfeld mit fester Länge 201127b ||||| |||| 00| 0 eng d
040 ## - Katalogisierungsquelle
Original-Katalogisierungsstelle DE-2950
Katalogisierungssprache ger
Übertragungsstelle DE-2950
Beschreibungsfestlegungen rda
041 ## - Sprachcode
Sprachcode des Textes/der Tonspur oder des separaten Titels ger
245 ## - Titel
Haupttitel Warum in Frankfurt demonstriert wird.
Titelzusatz Protest: Auch in Frankfurt ziehen jede Woche Hunderte durch die Stadt, um gegen Corona-Regeln zu protestieren. Auch an diesem Montag blieb alles friedlich. Was Teilnehmer bewegt, wie Gerüchte verbreitet werden und was Stadtpolitiker dazu sagen./.
Verantwortlichkeitsangabe Phillipp Stepputtis
264 ## - Veröffentlichungsangabe, Vertriebsangabe, Herstellungsangabe
Erscheinungs-, Vertriebs-, Herstellungsdatum 2022
653 ## - Lokales Schlagwort
Nicht-normierter Term Frankfurt (Oder)
653 ## - Lokales Schlagwort
Nicht-normierter Term Pandemie/Corona
773 ## - Übergeordnete Einheit
Ort, Verlag und Erscheinungsjahr Frankfurt (Oder) Märkisches Verlags- und Druckhaus GmbH & Co KG
Titel Märkische Oderzeitung
Verknüpfungsangaben 33. Jahrgang (2022) Nr. 21 vom 26.01.2022, S. 15
942 ## - Zusätzliche Felder (Koha)
Koha-Medientyp Aufsätze
Exemplare
Ausgeschieden Verloren Beschädigt Nicht entleihbar Permanenter Standort Aktueller Standort Aufstellungsort Eingabedatum Anzahl Ausleihen Signatur Letzte Aktivität Preis gültig von Medientyp
        Stadtarchiv Frankfurt (Oder) | Archivbibliothek Stadtarchiv Frankfurt (Oder) | Archivbibliothek Magazin 08/02/2022   Z2 08/02/2022 08/02/2022 Aufsätze